| 000 | 00570nam a2200181Ia 4500 | ||
|---|---|---|---|
| 008 | 190719s9999||||xx |||||||||||||| ||und|| | ||
| 020 |
_a9780707741840 _c£ 31.60 |
||
| 040 | _aIMU Kochi | ||
| 082 | 0 | 4 |
_a623.8922 _bUn314/P |
| 110 |
_aGreat Britain. _bHydrographic Office |
||
| 245 | 0 |
_aAdmiralty Paper Chart Maintenance Record / _cUnited Kingdom Hydrographic Office |
|
| 250 | _a5th ed. | ||
| 260 |
_aTaunton : _bUnited Kingdom Hydrographic Office , _c2017 |
||
| 300 |
_avarious pagination _c; 30 cm. |
||
| 490 |
_aNP ; _v133A |
||
| 650 | _aNavigation | ||
| 942 |
_2ddc _cBK |
||
| 999 |
_c25 _d25 |
||